Online
Catalog

Alice's adventures in Wonderland. Through the looking-glass / (Record no. 18748)

MARC details
000 -CABECERA
campo de control de longitud fija 00664cam a2200193 a 4500
001 - NÚMERO DE CONTROL
campo de control 000019230
005 - FECHA Y HORA DE LA ÚLTIMA TRANSACCIÓN
campo de control 20200929165945.0
008 - DATOS DE LONGITUD FIJA--INFORMACIÓN GENERAL
campo de control de longitud fija 500101s1954 nyua 000 0 eng d
040 ## - FUENTE DE LA CATALOGACIÓN
Centro catalogador/agencia de origen DO-SdBNP
Centro/agencia transcriptor VAR
Centro/agencia modificador EQO
-- BNPHU
082 ## - NÚMERO DE LA CLASIFICACIÓN DECIMAL DEWEY
Número de clasificación nnnn
Número de documento/Ítem C319a
049 ## - FONDOS LOCALES (OCLC)
Fondos de biblioteca BNGR
100 1# - ENTRADA PRINCIPAL--NOMBRE DE PERSONA
Nombre de persona Carroll, Lewis,
Fechas asociadas al nombre 1832-1898.
9 (RLIN) 41362
245 10 - MENCIÓN DE TÍTULO
Título Alice's adventures in Wonderland. Through the looking-glass /
Mención de responsabilidad, etc. Lewis Carroll ; illustrations by Milo Winter.
260 ## - PUBLICACIÓN, DISTRIBUCIÓN, ETC.
Lugar de publicación, distribución, etc. New York :
Nombre del editor, distribuidor, etc. Rand Mcnally & company,
Fecha de publicación, distribución, etc. 1954.
300 ## - DESCRIPCIÓN FÍSICA
Extensión 239 :
Otras características físicas ill. ;
Dimensiones 24 cm.
700 1# - PUNTO DE ACCESO ADICIONAL--NOMBRE DE PERSONA
Nombre de persona Winter, Milo,
Término indicativo de función/relación illus.
9 (RLIN) 41363
730 0# - PUNTO DE ACCESO ADICIONAL--TÍTULO UNIFORME
Título uniforme Through the looking-glass
9 (RLIN) 41364
910 ## - DATOS DE OPCIÓN DEL USUARIO (OCLC)
Datos de opción del usuario Catalogación derivada /Oxford
Holdings
Estado de retiro Estado de pérdida Restricciones de uso No para préstamo Código de colección Localización permanente Ubicación/localización actual Ubicación en estantería Fecha de adquisición Número de inventario Total de préstamos Signatura topográfica completa Código de barras Fecha visto por última vez Precio válido a partir de Tipo de ítem Koha
        Monografías: Libros y Folletos General General En catalogación 28.05.2010 LF1   nnnn C319a 19230-10 25.06.2020 25.06.2020 Préstamo en sala

Powered by Koha